000 003100000a22001090004500
090 _aAR
_b03255
245 1 0 _aConservación de la biodiversidad
_sun reto de fin de siglo
041 0 _aEspaƱol
100 1 _aHalffter, Gonzalo
_910302
942 _cARTICULO
773 1 _tBull. Inst. Cat. Hist. Nat.
_h62
_q137-146
_d1994
999 _c13178
_d13178